[Event "Titled Tue 1st Jul Late"]
[Site "chess.com INT"]
[Date "2025.07.01"]
[Round "5"]
[White "Movahed, Sina"]
[Black "Sturt, Raven"]
[Result "0-1"]
[WhiteTitle "GM"]
[BlackTitle "GM"]
[WhiteElo "2544"]
[BlackElo "2459"]
[WhiteFideId "42520835"]
[BlackFideId "2007304"]
[EventDate "2025.07.01"]

1. e4 e5 2. Nf3 Nc6 3. Bb5 Nd4 4. Nxd4 exd4 5. O-O c6 6. Bc4 Nf6 7. Re1 d6 8. c3
Be7 9. cxd4 d5 10. exd5 Nxd5 11. Nc3 O-O 0-1

[Event "Titled Tue 1st Jul Late"]
[Site "chess.com INT"]
[Date "2025.07.01"]
[Round "5"]
[White "Kocharin, Timur"]
[Black "Schracke, Guido"]
[Result "1-0"]
[WhiteTitle "FM"]
[BlackTitle "CM"]
[WhiteElo "2304"]
[BlackElo "2138"]
[WhiteFideId "16240936"]
[BlackFideId "4637054"]
[EventDate "2025.07.01"]

1. Nh3 e5 2. d4 d5 3. dxe5 Bxh3 4. gxh3 Nc6 5. Nc3 Bb4 6. a3 Bxc3+ 7. bxc3 Qh4
8. Qxd5 Nge7 9. Qg2 O-O-O 10. Rb1 f5 11. exf6 gxf6 12. Qg4+ Qxg4 13. hxg4 Nd5
14. Bd2 Ne5 15. e4 Nf3+ 16. Ke2 Nxd2 17. Kxd2 Nb4+ 18. Kc1 Nc6 19. f4 Rhe8 20.
Bd3 a6 21. h4 Re7 22. g5 fxg5 23. hxg5 Rf8 24. Rh4 Kd7 25. Kd2 Kd6 26. e5+ Kc5
27. Rbh1 b5 28. Rxh7 Rxh7 29. Rxh7 Rxf4 30. g6 Nxe5 31. Rxc7+ Kd6 32. Ra7 Rf2+
33. Ke3 Rg2 34. Rxa6+ Ke7 35. Be4 Rg1 36. Rb6 Nc4+ 37. Kf2 Nxb6 38. Kxg1 Nc4 39.
Bd5 Nxa3 40. g7 1-0

[Event "Titled Tue 1st Jul Late"]
[Site "chess.com INT"]
[Date "2025.07.01"]
[Round "5"]
[White "Vijayakumar, Rishi"]
[Black "Gustafsson, Jan"]
[Result "0-1"]
[WhiteTitle "FM"]
[BlackTitle "GM"]
[WhiteElo "2333"]
[BlackElo "2591"]
[WhiteFideId "2408953"]
[BlackFideId "4625498"]
[EventDate "2025.07.01"]

1. d4 d5 2. c4 c5 3. cxd5 Qxd5 4. Nf3 cxd4 5. Nc3 Qa5 6. Nxd4 Nf6 7. e3 e5 8.
Nb3 Qc7 9. g3 Bb4 10. Bd2 O-O 11. Bg2 Nc6 12. O-O Be6 13. Qc2 Rac8 14. Rac1 Rfd8
15. a3 Be7 16. h3 Bxb3 17. Qxb3 Rxd2 18. Nd5 Nxd5 19. Bxd5 Bf8 20. f4 Qd7 21.
fxe5 Qxd5 0-1

[Event "Titled Tue 1st Jul Late"]
[Site "chess.com INT"]
[Date "2025.07.01"]
[Round "5"]
[White "Sochacki, Christophe"]
[Black "Ashraf, Artin"]
[Result "1-0"]
[WhiteTitle "GM"]
[BlackTitle "FM"]
[WhiteElo "2449"]
[BlackElo "2407"]
[WhiteFideId "662569"]
[BlackFideId "22514805"]
[EventDate "2025.07.01"]

1. e4 e6 2. d4 d5 3. Bd3 dxe4 4. Bxe4 Nf6 5. Bf3 c5 6. Ne2 Nc6 7. Be3 Qb6 8. O-O
Qxb2 9. Nbc3 cxd4 10. Rb1 Qa3 11. Nb5 Qa5 12. Nexd4 1-0

[Event "Titled Tue 1st Jul Late"]
[Site "chess.com INT"]
[Date "2025.07.01"]
[Round "5"]
[White "Sarquis, Maria Belen"]
[Black "Bucci, Andrea"]
[Result "1-0"]
[WhiteTitle "WIM"]
[WhiteElo "2156"]
[BlackElo "1526"]
[WhiteFideId "111805"]
[BlackFideId "28546890"]
[EventDate "2025.07.01"]

1. e4 d6 2. d4 Nf6 3. Nc3 e5 4. Nf3 Nbd7 5. Bc4 Be7 6. a4 a5 7. O-O O-O 8. h3
Nb6 9. Bb3 c6 10. Re1 Qc7 11. Bg5 Nbd7 12. Qd2 Re8 13. Rad1 Nf8 14. Qd3 Be6 15.
d5 cxd5 16. Bxf6 dxe4 17. Nxe4 Bxb3 18. Qxb3 gxf6 19. Nh4 Ng6 20. Nf5 Rac8 21.
Qe3 Nf4 22. Qg3+ Ng6 23. h4 h5 24. Qe3 Bf8 25. Nxf6+ Kh8 26. Qg5 Nf4 27. Qg8# 1-0

[Event "Titled Tue 1st Jul Late"]
[Site "chess.com INT"]
[Date "2025.07.01"]
[Round "5"]
[White "Dauer, Andre Leonardo"]
[Black "Soza de la Carrera, Jose"]
[Result "0-1"]
[WhiteTitle "CM"]
[BlackTitle "CM"]
[WhiteElo "2138"]
[BlackElo "2221"]
[WhiteFideId "2126915"]
[BlackFideId "3401278"]
[EventDate "2025.07.01"]

1. e4 e6 2. d3 d5 3. Nd2 Nc6 4. Ngf3 Nf6 5. g3 e5 6. exd5 Nxd5 7. Bg2 Be6 8. O-O
f6 9. Re1 Qd7 10. a4 O-O-O 11. Nc4 g5 12. Bd2 h5 13. Ne3 Nxe3 14. Bxe3 h4 15.
Nd2 hxg3 16. fxg3 f5 17. Bxg5 Re8 18. Nc4 Bc5+ 19. Kh1 Bd5 20. Qe2 Nd4 21. Qd2
Nf3 0-1

[Event "Titled Tue 1st Jul Late"]
[Site "chess.com INT"]
[Date "2025.07.01"]
[Round "5"]
[White "Nguyen, Ngoc Truong Son"]
[Black "Antoniou, Rafail"]
[Result "1-0"]
[WhiteTitle "GM"]
[BlackTitle "CM"]
[WhiteElo "2600"]
[BlackElo "2134"]
[WhiteFideId "12401110"]
[BlackFideId "5904390"]
[EventDate "2025.07.01"]

1. e4 c5 2. c3 Nf6 3. e5 Nd5 4. Nf3 d6 5. exd6 Qxd6 6. Na3 a6 7. d4 cxd4 8. Nc4
Qd8 9. Nxd4 g6 10. Be2 Bg7 11. Bf3 b5 12. Ne3 Bb7 13. Nxb5 axb5 14. Bxd5 Bxd5
15. Qxd5 Qa5 16. O-O O-O 17. Rd1 e6 18. Qf3 Na6 19. Ng4 f5 20. Nh6+ Kh8 21. Nf7+
Kg8 22. Ng5 Rfe8 23. Nxe6 Qb6 24. Nxg7 Kxg7 25. Rd7+ Kg8 26. Bh6 Qe6 27. Rg7+
Kh8 28. h4 Nc5 29. Qf4 Ne4 30. Qc7 Nf6 31. Rxh7+ 1-0

[Event "Titled Tue 1st Jul Late"]
[Site "chess.com INT"]
[Date "2025.07.01"]
[Round "5"]
[White "Manukyan, Sargis A."]
[Black "Stojanovski, Sandi"]
[Result "1-0"]
[WhiteTitle "FM"]
[BlackTitle "FM"]
[WhiteElo "2294"]
[BlackElo "2169"]
[WhiteFideId "13303970"]
[BlackFideId "1403249"]
[EventDate "2025.07.01"]

1. d4 Nf6 2. c4 e6 3. Nc3 Bb4 4. e3 O-O 5. a3 Bxc3+ 6. bxc3 d5 7. cxd5 exd5 8.
Bd3 b6 9. Ne2 Ba6 10. O-O Bxd3 11. Qxd3 c5 12. f3 Nc6 13. Ra2 Rc8 14. g4 Qc7 15.
Ng3 cxd4 16. cxd4 Ne7 17. g5 Nd7 18. Rg2 Qc4 19. Qd1 Rfd8 20. h4 Rc6 21. f4 Rdc8
22. Qg4 Nf8 23. f5 Qd3 24. Bd2 Rc2 25. f6 Neg6 26. fxg7 Ne6 27. h5 Rxd2 28. Rxd2
Qxd2 29. Qf3 Nxg5 30. Qf5 Qxe3+ 31. Kh1 1-0

[Event "Titled Tue 1st Jul Late"]
[Site "chess.com INT"]
[Date "2025.07.01"]
[Round "5"]
[White "Mahdavi, Reza"]
[Black "Itkis, Boris"]
[Result "1-0"]
[WhiteTitle "IM"]
[BlackTitle "IM"]
[WhiteElo "2454"]
[BlackElo "2270"]
[WhiteFideId "12595926"]
[BlackFideId "1209167"]
[EventDate "2025.07.01"]

1. e4 c6 2. d4 d5 3. exd5 cxd5 4. Bd3 Nc6 5. c3 Qc7 6. Na3 a6 7. Nc2 g6 8. Ne2
Bf5 9. Bf4 Qd7 10. Bxf5 gxf5 11. Ne3 e6 12. O-O Nf6 13. c4 Be7 14. Be5 Rg8 15.
Bxf6 Bxf6 16. cxd5 exd5 17. Nf4 Ne7 18. Qf3 O-O-O 19. Rac1+ Kb8 20. Nd3 Rg5 21.
Qf4+ Ka8 22. Ne5 Qe6 23. Rc5 Rdg8 24. Rfc1 Bxe5 25. dxe5 Ng6 26. Qxg5 f4 27.
Nxd5 f5 28. Nc7+ Ka7 29. Nxe6 1-0

[Event "Titled Tue 1st Jul Late"]
[Site "chess.com INT"]
[Date "2025.07.01"]
[Round "5"]
[White "Salinas Herrera, Pablo"]
[Black "Ghafourian, Amir Ali"]
[Result "1-0"]
[WhiteTitle "GM"]
[BlackTitle "CM"]
[WhiteElo "2447"]
[BlackElo "2111"]
[WhiteFideId "3407128"]
[BlackFideId "12533831"]
[EventDate "2025.07.01"]

1. d4 d5 2. Nf3 Nf6 3. Bf4 c5 4. e3 Nc6 5. Nbd2 Qb6 6. dxc5 Qxb2 7. Rb1 Qc3 8.
Bb5 g6 9. e4 dxe4 10. Be5 Qxc5 11. Bxf6 exf6 12. Nxe4 Qe7 13. O-O Be6 14. Nd4
Rc8 15. Re1 f5 16. Nxe6 fxe6 17. Qd4 Kf7 18. Qxh8 fxe4 19. Qxh7+ Bg7 20. Rxe4
Rh8 21. Rf4+ Ke8 22. Bxc6+ 1-0

[Event "Titled Tue 1st Jul Late"]
[Site "chess.com INT"]
[Date "2025.07.01"]
[Round "5"]
[White "Dambaev, Dashi"]
[Black "Volodin, Alexandr E."]
[Result "0-1"]
[WhiteTitle "CM"]
[BlackTitle "FM"]
[WhiteElo "2211"]
[BlackElo "2344"]
[WhiteFideId "55628494"]
[BlackFideId "34268871"]
[EventDate "2025.07.01"]

1. d4 Nf6 2. c4 e6 3. Nf3 d5 4. Nc3 c6 5. e3 Nbd7 6. Qc2 Bd6 7. b3 O-O 8. Bb2 e5
9. cxd5 cxd5 10. Nb5 Bb4+ 11. Bc3 Bxc3+ 12. Qxc3 Ne4 13. Qb4 Qb6 14. Qe7 a6 15.
Na3 Qa5+ 16. Ke2 exd4 17. Nxd4 Qd2+ 18. Kf3 Qxf2+ 19. Kg4 Ndf6# 0-1

[Event "Titled Tue 1st Jul Late"]
[Site "chess.com INT"]
[Date "2025.07.01"]
[Round "5"]
[White "Radionov, Timur"]
[Black "Kislinsky, Alexey"]
[Result "1/2-1/2"]
[WhiteTitle "FM"]
[BlackTitle "GM"]
[WhiteElo "2200"]
[BlackElo "2341"]
[WhiteFideId "34178772"]
[BlackFideId "14108801"]
[EventDate "2025.07.01"]

1. e4 c6 2. d4 d5 3. exd5 cxd5 4. Bd3 Nc6 5. c3 Qc7 6. Ne2 Bg4 7. O-O Nf6 8. Qe1
e6 9. Bf4 Bd6 10. Bxd6 Qxd6 11. f3 Bh5 12. Qh4 O-O 13. Bxh7+ Kxh7 14. g4 Rh8 15.
gxh5 Kg8 16. Ng3 Ne7 17. Qg5 Rh6 18. Nd2 Nxh5 19. f4 Nf6 20. Kh1 Rg6 21. Qh4 Rg4
22. Qh3 Rxf4 23. Rxf4 Qxf4 24. Qg2 Ng6 25. Rf1 Qe3 26. Rf3 Qg5 27. Rf1 Nh4 28.
Qe2 Ng4 29. Nf3 Nxf3 30. Qxf3 Rf8 31. Re1 Qh4 32. Re2 a6 33. Nf1 Nf6 34. Rg2 Qh6
35. Ne3 Ne4 36. Ng4 Qc1+ 37. Rg1 Qxb2 38. Nf6+ Nxf6 39. Qxf6 g6 40. Rxg6+ fxg6
41. Qxg6+ Kh8 42. Qh6+ Kg8 43. Qg6+ Kh8 44. Qh6+ Kg8 45. Qg6+ 1/2-1/2

[Event "Titled Tue 1st Jul Late"]
[Site "chess.com INT"]
[Date "2025.07.01"]
[Round "5"]
[White "Denisenko, Denis"]
[Black "Reinecke, Katharina"]
[Result "1-0"]
[WhiteTitle "CM"]
[BlackTitle "WCM"]
[WhiteElo "1934"]
[BlackElo "1921"]
[WhiteFideId "4170652"]
[BlackFideId "12929727"]
[EventDate "2025.07.01"]

1. e4 c6 2. d4 d5 3. e5 Bf5 4. Nc3 h6 5. g4 Bh7 6. f4 e6 7. Nf3 Ne7 8. Bd3 Bxd3
9. Qxd3 Ng6 10. Be3 Nh4 11. Bf2 Ng2+ 12. Kd2 Nxf4 13. Qe3 g5 14. h4 Be7 15. hxg5
Bxg5 16. Nxg5 Qxg5 17. Ne2 Qxg4 18. Qxf4 Qg6 19. Rag1 Qh7 20. Bh4 Nd7 21. Ng3
Nb6 22. Nh5 Nc4+ 23. Kc1 Kf8 24. Rg7 1-0

[Event "Titled Tue 1st Jul Late"]
[Site "chess.com INT"]
[Date "2025.07.01"]
[Round "5"]
[White "Garcia Hernandez, Rebeca"]
[Black "Miserendino, Alfredo"]
[Result "0-1"]
[WhiteTitle "WCM"]
[WhiteElo "1904"]
[BlackElo "2032"]
[WhiteFideId "5180872"]
[BlackFideId "101800"]
[EventDate "2025.07.01"]

1. Nf3 d5 2. g3 c5 3. Bg2 Nc6 4. d4 Nf6 5. O-O Bf5 6. c4 e6 7. cxd5 Nxd5 8. dxc5
Bxc5 9. Nbd2 Bg6 10. Nb3 Be7 11. Nfd4 Nxd4 12. Nxd4 O-O 13. e4 Nb4 14. Be3 a6
15. a3 Nc6 16. Nxc6 bxc6 17. Qxd8 Rfxd8 18. Rfd1 Bf6 19. Rxd8+ Rxd8 20. Rb1 Rb8
21. b4 h6 22. Bc5 a5 23. f4 axb4 24. Rxb4 Rd8 25. e5 Rd1+ 26. Kf2 Rc1 27. exf6
Rxc5 28. Rb8+ Kh7 29. fxg7 Kxg7 30. a4 Rc2+ 31. Kg1 Ra2 32. Ra8 c5 33. a5 c4 34.
a6 c3 35. a7 c2 36. Rc8 Rxa7 0-1

[Event "Titled Tue 1st Jul Late"]
[Site "chess.com INT"]
[Date "2025.07.01"]
[Round "5"]
[White "Livaic, Leon"]
[Black "Gogolev, Artem"]
[Result "0-1"]
[WhiteTitle "GM"]
[BlackTitle "IM"]
[WhiteElo "2550"]
[BlackElo "2240"]
[WhiteFideId "14531534"]
[BlackFideId "4116615"]
[EventDate "2025.07.01"]

1. d4 Nf6 2. c4 e6 3. Nf3 d5 4. Nc3 Be7 5. g3 O-O 6. Bg2 c6 7. O-O Nbd7 8. Qd3
a5 9. e4 b5 10. cxd5 cxd5 11. e5 Ne8 12. Re1 b4 13. Ne2 Ba6 14. Qe3 Nc7 15. Nf4
Re8 16. Nh5 Bf8 17. Qf4 Bd3 18. g4 Nb5 19. Be3 Rc8 20. Red1 Bg6 21. Qg3 a4 22.
Nf4 a3 23. bxa3 bxa3 24. Nxg6 hxg6 25. Ng5 Be7 26. h4 Nc3 27. Rd3 Ne2+ 0-1

[Event "Titled Tue 1st Jul Late"]
[Site "chess.com INT"]
[Date "2025.07.01"]
[Round "5"]
[White "Ibrahimli, Murad"]
[Black "Ambartsumova, Karina"]
[Result "1-0"]
[WhiteTitle "IM"]
[BlackTitle "IM"]
[WhiteElo "2448"]
[BlackElo "2403"]
[WhiteFideId "13410229"]
[BlackFideId "4166299"]
[EventDate "2025.07.01"]

1. d4 Nf6 2. c4 e6 3. Nf3 d5 4. Nc3 Bb4 5. cxd5 exd5 6. Bg5 h6 7. Bh4 g5 8. Bg3
Ne4 9. Nd2 Nxg3 10. hxg3 Nc6 11. e3 Be6 12. Qb3 Qd7 13. a3 Be7 14. Be2 Kf8 15.
Rc1 Kg7 16. Na4 Na5 17. Qc2 b6 18. b4 Nb7 19. Ba6 Nd6 20. Nc3 Rab8 21. Ne2 Bd8
22. Bd3 Rc8 23. f3 c6 24. g4 Be7 25. Ng3 Rc7 26. Kf2 Ne8 27. Bf5 c5 28. bxc5
bxc5 29. dxc5 Rxc5 30. Qb2+ Bf6 31. Nh5+ Kf8 32. Nxf6 1-0

[Event "Titled Tue 1st Jul Late"]
[Site "chess.com INT"]
[Date "2025.07.01"]
[Round "5"]
[White "Sobek, Jaroslav"]
[Black "Ciocan, Maria-Alexandra"]
[Result "1-0"]
[WhiteTitle "FM"]
[WhiteElo "2195"]
[BlackElo "1998"]
[WhiteFideId "301388"]
[BlackFideId "1227130"]
[EventDate "2025.07.01"]

1. d4 Nf6 2. c4 g6 3. Nc3 Bg7 4. e4 d6 5. h3 O-O 6. Bg5 Na6 7. Nf3 c5 8. d5 h6
9. Be3 Nc7 10. Bd3 e6 11. O-O exd5 12. exd5 b5 13. b3 bxc4 14. bxc4 Nd7 15. Qd2
Ba6 16. Bxh6 Qf6 17. Ne4 Qe7 18. Rae1 Ne5 19. Nxe5 dxe5 20. Bxg7 Kxg7 21. d6 1-0

[Event "Titled Tue 1st Jul Late"]
[Site "chess.com INT"]
[Date "2025.07.01"]
[Round "5"]
[White "Zhuravlev, Alexey"]
[Black "Villa Tornero, Alex"]
[Result "1-0"]
[WhiteTitle "FM"]
[BlackTitle "FM"]
[WhiteElo "2359"]
[BlackElo "2211"]
[WhiteFideId "4164199"]
[BlackFideId "54501091"]
[EventDate "2025.07.01"]

1. e4 Nf6 2. e5 Nd5 3. d4 d6 4. Nf3 g6 5. Bc4 Nb6 6. Bb3 Bg7 7. Qe2 O-O 8. O-O
Bg4 9. e6 fxe6 10. Bxe6+ Bxe6 11. Qxe6+ Kh8 12. Ng5 Nc6 13. c3 Qe8 14. Qh3 h5
15. Ne6 Qf7 16. Nxf8 Rxf8 17. Nd2 e5 18. dxe5 Nxe5 19. Ne4 Nd5 20. Bg5 Nd3 21.
Rab1 Re8 22. Qxd3 Qf5 23. Rfe1 Qe5 24. h4 c6 25. Qg3 Qf5 26. Nxd6 Rxe1+ 27. Rxe1
Qd7 28. Ne8 Bf8 29. Qe5+ Kh7 30. Qxd5 Qxd5 31. Nf6+ Kg7 32. Nxd5 cxd5 33. Re8
Kf7 34. Rb8 Bd6 35. Rxb7+ Ke6 36. Rxa7 Kf5 37. Ra6 Be5 38. a4 d4 39. cxd4 Bxd4
40. b4 Kg4 41. b5 Bf6 42. Bxf6 g5 43. Bxg5 Kf5 44. Rf6+ Kg4 45. Rf4# 1-0

[Event "Titled Tue 1st Jul Late"]
[Site "chess.com INT"]
[Date "2025.07.01"]
[Round "5"]
[White "Vihaan Karthikeya N"]
[Black "Uyanga, Byambaa"]
[Result "0-1"]
[BlackTitle "WFM"]
[WhiteElo "2179"]
[BlackElo "2006"]
[WhiteFideId "25950673"]
[BlackFideId "2054906"]
[EventDate "2025.07.01"]

1. d4 Nf6 2. c4 g6 3. Nc3 Bg7 4. e4 O-O 5. Nf3 d6 6. Be2 e5 7. d5 Nbd7 8. O-O
Nc5 9. Nd2 a5 10. b3 c6 11. Bb2 cxd5 12. exd5 Nfd7 13. Nde4 h6 14. Nxd6 Ra6 15.
Nde4 f5 16. Nxc5 Nxc5 17. Ba3 b6 18. Rc1 e4 19. Bxc5 bxc5 20. Na4 Bd4 21. Qd2 f4
22. Qc2 Bf5 23. Kh1 f3 24. gxf3 exf3 25. Bd3 Qh4 26. Bxf5 Be5 27. h3 Rxf5 28.
Qxf5 gxf5 29. Rg1+ Kh7 0-1

[Event "Titled Tue 1st Jul Late"]
[Site "chess.com INT"]
[Date "2025.07.01"]
[Round "5"]
[White "Paxtor Chiguichon, Rodolfo Enrique"]
[Black "Li, Xueyi"]
[Result "1-0"]
[WhiteTitle "CM"]
[BlackTitle "WGM"]
[WhiteElo "2009"]
[BlackElo "2220"]
[WhiteFideId "7307012"]
[BlackFideId "8605912"]
[EventDate "2025.07.01"]

1. e4 c6 2. d4 d5 3. f3 Qb6 4. c4 Nd7 5. c5 Qc7 6. Nc3 e6 7. g3 Be7 8. Bg2 b6 9.
Bf4 Qb7 10. b4 a5 11. a3 axb4 12. axb4 Rxa1 13. Qxa1 bxc5 14. bxc5 Qa6 15. Qxa6
Bxa6 16. Nge2 Bxe2 17. Kxe2 Bf6 18. e5 Bd8 19. Ra1 Ne7 20. g4 O-O 21. Bg3 h6 22.
h4 1-0

[Event "Titled Tue 1st Jul Late"]
[Site "chess.com INT"]
[Date "2025.07.01"]
[Round "5"]
[White "Hua, Lefong"]
[Black "Alvir, Aco"]
[Result "1-0"]
[WhiteTitle "FM"]
[BlackTitle "IM"]
[WhiteElo "2305"]
[BlackElo "2239"]
[WhiteFideId "2602253"]
[BlackFideId "14400367"]
[EventDate "2025.07.01"]

1. d4 Nf6 2. c4 g6 3. Nc3 Bg7 4. e4 O-O 5. f4 d6 6. Nf3 c5 7. d5 e5 8. fxe5 Ng4
9. Be2 Nxe5 10. O-O Nbd7 11. Bf4 a6 12. a4 Qe7 13. Qd2 Rb8 14. Rae1 b6 15. Kh1
Rb7 16. b3 Re8 17. Bd1 Qf8 18. Bc2 h6 19. Bg3 Kh7 20. h4 Nxf3 21. gxf3 h5 22. f4
Nf6 23. e5 Ng4 24. f5 Bh6 25. fxg6+ fxg6 26. Rxf8 Bxd2 27. Rxe8 Bxc3 28. Rxc8
Bxe1 29. Bxe1 Nxe5 30. Bg3 Nf7 31. Re8 b5 32. axb5 axb5 33. Re6 bxc4 34. bxc4 1-0

[Event "Titled Tue 1st Jul Late"]
[Site "chess.com INT"]
[Date "2025.07.01"]
[Round "5"]
[White "Shandrygin, Nikita"]
[Black "Vila Dupla, Aurelio"]
[Result "1-0"]
[WhiteTitle "FM"]
[BlackTitle "FM"]
[WhiteElo "2209"]
[BlackElo "2056"]
[WhiteFideId "24198668"]
[BlackFideId "2203383"]
[EventDate "2025.07.01"]

1. e4 c5 2. b4 cxb4 3. a3 bxa3 4. Nxa3 Nc6 5. d4 d6 6. c3 g6 7. Bd3 Bg7 8. f4
Nf6 9. Nf3 Bd7 10. O-O O-O 11. Bd2 Rc8 12. h3 a6 13. Nc4 d5 14. exd5 Nxd5 15.
Nce5 Nxe5 16. fxe5 Nxc3 17. Qe1 Nb5 18. Qh4 f6 19. Bh6 Bc6 20. Bc4+ Bd5 21. Bxb5
axb5 22. Bxg7 Kxg7 23. Nh2 Rc4 24. Rae1 fxe5 25. Ng4 1-0

[Event "Titled Tue 1st Jul Late"]
[Site "chess.com INT"]
[Date "2025.07.01"]
[Round "5"]
[White "Albertini, Luca"]
[Black "Cernov, Henrik"]
[Result "1/2-1/2"]
[BlackTitle "FM"]
[WhiteElo "2131"]
[BlackElo "2325"]
[WhiteFideId "847038"]
[BlackFideId "16258312"]
[EventDate "2025.07.01"]

1. d4 Nf6 2. c4 Nc6 3. Nf3 e6 4. Nc3 Bb4 5. e3 Bxc3+ 6. bxc3 d6 7. Bd3 e5 8. Qc2
Qe7 9. e4 exd4 10. cxd4 O-O 11. O-O Nb4 12. Qc3 Nxd3 13. Qxd3 Qxe4 14. Qc3 Bg4
15. Nd2 Qg6 16. Bb2 Rfe8 17. h3 Bf5 18. Rfe1 Ne4 19. Nxe4 Bxe4 20. f3 Bf5 21.
Kh2 h5 22. g4 Bd7 23. d5 hxg4 24. hxg4 Rxe1 25. Rxe1 Re8 26. Rxe8+ Bxe8 27. Kg3
f5 28. Qe3 fxg4 29. fxg4 Bd7 30. Qf4 Qd3+ 31. Kh4 Qh7+ 32. Kg3 b6 33. Qg5 Be8
34. Qe7 Qd3+ 35. Kh4 Qg6 36. Bxg7 Qh7+ 37. Kg3 Qd3+ 38. Kh4 Qh7+ 39. Kg3 Qd3+
40. Kh4 Qh7+ 1/2-1/2

[Event "Titled Tue 1st Jul Late"]
[Site "chess.com INT"]
[Date "2025.07.01"]
[Round "5"]
[White "Popilski, Gil"]
[Black "Gelman, Alexander"]
[Result "0-1"]
[WhiteTitle "GM"]
[BlackTitle "IM"]
[WhiteElo "2431"]
[BlackElo "2403"]
[WhiteFideId "2809060"]
[BlackFideId "4118316"]
[EventDate "2025.07.01"]

1. e4 c5 2. Nf3 e6 3. d4 cxd4 4. Nxd4 a6 5. Nc3 d6 6. Bd3 Nf6 7. f4 b5 8. Qf3
Bb7 9. g4 b4 10. Nce2 e5 11. Nf5 g6 12. Ne3 Nc6 13. g5 Nh5 14. Nd5 exf4 15.
Nexf4 Ne5 16. Qg2 Nxf4 17. Bxf4 Bxd5 18. exd5 Bg7 19. O-O-O O-O 20. h4 a5 21. h5
b3 22. cxb3 a4 23. hxg6 fxg6 24. Bxe5 Bxe5 25. Qg4 Qc8+ 26. Qxc8 Raxc8+ 27. Kb1
Rf2 0-1

[Event "Titled Tue 1st Jul Late"]
[Site "chess.com INT"]
[Date "2025.07.01"]
[Round "5"]
[White "Moroni, Luca Jr"]
[Black "Holinka, Henning"]
[Result "1-0"]
[WhiteTitle "GM"]
[BlackTitle "FM"]
[WhiteElo "2549"]
[BlackElo "2303"]
[WhiteFideId "865834"]
[BlackFideId "12967084"]
[EventDate "2025.07.01"]

1. d4 c5 2. d5 e6 3. Nc3 Nf6 4. e4 exd5 5. e5 Ne4 6. Qxd5 Nxc3 7. bxc3 Be7 8.
Nf3 O-O 9. Bf4 Nc6 10. Bd3 Qa5 11. O-O Qxc3 12. a3 Nd4 13. Ng5 g6 14. Ne4 Ne6
15. Nxc3 Nxf4 16. Qe4 Ne6 17. Nd5 Bd8 18. f4 d6 19. f5 Ng5 20. Qe3 dxe5 21. f6
Ne6 22. Qh6 Re8 23. Bc4 Bd7 24. Nc7 Bxf6 25. Nxe8 Bxe8 26. Rxf6 Nd4 1-0

[Event "Titled Tue 1st Jul Late"]
[Site "chess.com INT"]
[Date "2025.07.01"]
[Round "5"]
[White "Fernandes, Rogerio Paulo Muller"]
[Black "Mikhalsky, Vladimir"]
[Result "1/2-1/2"]
[WhiteElo "2241"]
[BlackElo "2219"]
[WhiteFideId "2101599"]
[BlackFideId "14144352"]
[EventDate "2025.07.01"]

1. c4 c5 2. g3 Nf6 3. Bg2 d5 4. Nf3 Nc6 5. O-O d4 6. d3 e5 7. a3 a5 8. Bg5 h6 9.
Bxf6 Qxf6 10. Nbd2 Qe7 11. Rb1 g6 12. Ne1 Bg7 13. Nc2 O-O 14. b4 cxb4 15. axb4
axb4 16. Bxc6 bxc6 17. Nxb4 Bd7 18. Qc2 Rfb8 19. c5 f5 20. Rfc1 Kh7 21. Na2 Be6
22. Nb4 Bd7 23. Na2 Rxb1 24. Rxb1 Ra3 25. Rb7 Qe6 26. Nb4 Rc3 27. Qa4 e4 28. Qa7
e3 29. Rxd7 exf2+ 30. Kg2 f1=Q+ 31. Kxf1 Rc1+ 32. Kg2 Qxe2+ 33. Kh3 Qh5+ 34. Kg2
Qe2+ 35. Kh3 Qh5+ 36. Kg2 Qe2+ 1/2-1/2

[Event "Titled Tue 1st Jul Late"]
[Site "chess.com INT"]
[Date "2025.07.01"]
[Round "5"]
[White "Bok, Benjamin"]
[Black "Assylov, Miras"]
[Result "1-0"]
[WhiteTitle "GM"]
[BlackTitle "FM"]
[WhiteElo "2582"]
[BlackElo "2319"]
[WhiteFideId "1017063"]
[BlackFideId "13728873"]
[EventDate "2025.07.01"]

1. d4 d6 2. Nf3 Nd7 3. c4 Ngf6 4. Nc3 e5 5. g3 Be7 6. Bg2 O-O 7. O-O c6 8. e4
Re8 9. h3 Bf8 10. Be3 a5 11. Qc2 exd4 12. Nxd4 Nc5 13. Rfe1 a4 14. Rab1 Qa5 15.
Bd2 Qa7 16. Be3 Qa5 17. b4 axb3 18. axb3 Qc7 19. b4 Ne6 20. Nb3 Bd7 21. f4 c5
22. Nd5 Nxd5 23. cxd5 Nd8 24. bxc5 dxc5 25. e5 Qc8 26. g4 b6 27. Nd2 Rb8 28. d6
Nc6 29. Ne4 Nb4 30. Qe2 Bc6 31. Rxb4 cxb4 32. Rc1 Kh8 33. Ng5 f6 34. Rxc6 Qd7
35. Rc7 Qa4 1-0